| 000 | 01268nam a22002537a 4500 | ||
|---|---|---|---|
| 003 | EG-ScBUE | ||
| 005 | 20221116031309.0 | ||
| 008 | 111127s2004 ua f b 000 0 ara d | ||
| 017 | _a2003 / 18599 | ||
| 040 |
_aEG-ScBUE _bara _erda _cEG-ScBUE _dEG-ScBUE |
||
| 082 | 0 | 4 |
_222 _a780.9174927 _bس ي ن |
| 100 | 1 |
_aابن سينا، الحسين بن عبد الله، _d370-428 هـ.، _eمؤلف. |
|
| 245 | 1 | 0 |
_aشرح الموسيقى من كتابي الشفاء والنجاة : _bتراث الموسيقى العربية القرن الخامس هـ / _cلأبي الحسين علي بن عبد الله بن سينا المتوفى سنة 428 هـ ؛ تحقيق وشرح غطاس عبد الملك خشبة. |
| 250 | _aالطبعة الأولى. | ||
| 264 | 1 |
_aالقاهرة : _bالمجلس الأعلى للثقافة، _c2004. |
|
| 300 |
_a302 صفحة ؛ _c23 سم |
||
| 504 | _aيشتمل على إرجاعات ببليوجرافية. | ||
| 650 | 7 |
_927937 _aالموسيقى العربية _xتاريخ ونقد. _2BUEsh |
|
| 650 | 7 |
_aالحضارة العربية _xتاريخ ونقد. _2BUEsh |
|
| 653 |
_cNovember2011 _bART |
||
| 655 | _vReading book | ||
| 700 | 1 |
_927896 _aخشبة، غطاس عبد الملك، _d1906- _eمحقق. |
|
| 942 |
_2ddc _cBB |
||
| 999 |
_c16261 _d16261 |
||